|
|
|
|
| LEADER |
00000naa a2200000uu 4500 |
| 001 |
vtls011089351 |
| 003 |
SK-MaSNL |
| 005 |
20260302105916.0 |
| 008 |
220810|1997 xo |||||||||||||||||cze| |
| 015 |
|
|
|a SNBRA
|
| 035 |
|
|
|a (urnnbn)urn:nbn:sk:snk:ar-a0cp3o
|
| 035 |
|
|
|a (uuid)680f7893-a171-4d67-a256-3847f783ac71
|
| 035 |
|
|
|a urn:nbn:sk:snk-aavuvy
|
| 040 |
|
|
|a SNKBUCL
|b slo
|c SNKBUCL
|e AACR2
|
| 041 |
0 |
|
|a cze
|
| 044 |
|
|
|a xo
|c SK
|
| 100 |
1 |
|
|a Krapková, Hana
|4 aut
|9 785256
|
| 245 |
1 |
0 |
|a Kreativně orientované vyučování v rytmické gymnastice
|c Hana Krapková
|
| 773 |
0 |
|
|t Didaktický proces v současném pojetí tělesné výchovy
|d Bratislava] : Peter Mačura, 1997
|g S. 36-37
|z 8096769235
|
| 954 |
|
|
|a odborná, vedecká literatúra cudzojazyčná (svetová)
|2 lita
|
| 958 |
|
|
|a OND
|
| 958 |
|
|
|a article12
|
| 958 |
|
|
|a chapter
|
| 999 |
|
|
|c 1240813
|d 1242743
|